Progress and Challenges in the Legal Framework of Women's Rights in Jordan

This comprehensive review examines the progress achieved and the challenges encountered in legislating for women's rights in Jordan. Over the years, significant advancements have been made in improving women’s rights, largely due to reforms within the legal framework addressing labour laws, pro...

Full description

Saved in:  
Bibliographic Details
Authors: Al-Zubi, Jehan Khalid (Author) ; Maaqqbeh, Mohammad (Author) ; Awaisheh, Sadam Mohammed (Author) ; Mofleh, Yusuf Ahmad (Author) ; Awaisheh, Salah Mohammed (Author) ; Alhasan, Tariq Kamal (Author)
Format: Electronic Article
Language:English
Published: 2024
In: International journal of criminal justice sciences
Year: 2024, Volume: 19, Issue: 1, Pages: 519-531
Online Access: Volltext (kostenfrei)
Check availability: HBZ Gateway
Keywords:

MARC

LEADER 00000caa a22000002c 4500
001 1942607482
003 DE-627
005 20260320160717.0
007 cr uuu---uuuuu
008 251126s2024 xx |||||o 00| ||eng c
035 |a (DE-627)1942607482 
035 |a (DE-599)KXP1942607482 
040 |a DE-627  |b ger  |c DE-627  |e rda 
041 |a eng 
084 |a 2,1  |2 ssgn 
100 1 |a Al-Zubi, Jehan Khalid  |e VerfasserIn  |4 aut 
245 1 0 |a Progress and Challenges in the Legal Framework of Women's Rights in Jordan 
264 1 |c 2024 
336 |a Text  |b txt  |2 rdacontent 
337 |a Computermedien  |b c  |2 rdamedia 
338 |a Online-Ressource  |b cr  |2 rdacarrier 
520 |a This comprehensive review examines the progress achieved and the challenges encountered in legislating for women's rights in Jordan. Over the years, significant advancements have been made in improving women’s rights, largely due to reforms within the legal framework addressing labour laws, protection against domestic violence, and women’s participation in politics. Notable developments include the introduction of laws enabling women to vote, access education, and enter the workforce, alongside reforms targeting violence against women and other marginalised groups. However, societal and cultural barriers, particularly those rooted in traditional gender norms and the prioritisation of male authority, continue to impede women’s full participation in leadership and decision-making roles. Women in positions of power are often undermined or perceived as lacking authority, perpetuating gender disparities. Furthermore, inconsistencies in the interpretation and enforcement of laws by legal practitioners have limited the effectiveness of legal provisions aimed at promoting gender equity. Existing legislation concerning marriage, divorce, inheritance, and child custody often reinforces traditional power structures and undermines claims to justice. The review underscores the conditions that have enabled gender-based discrimination to persist and highlights the importance of women’s networks, civil society organisations, NGOs, and international frameworks in advocating for legal reforms. It calls for a revision of personal status laws, improved enforcement of existing legislation, and increased public education to address these systemic challenges effectively. 
650 4 |a Jordan 
650 4 |a Gender Wage Gap 
650 4 |a Women Empowerment 
650 4 |a Cultural Sustainability 
650 4 |a Education for Sustainable 
700 1 |a Maaqqbeh, Mohammad  |e VerfasserIn  |4 aut 
700 1 |a Awaisheh, Sadam Mohammed  |e VerfasserIn  |4 aut 
700 1 |a Mofleh, Yusuf Ahmad  |e VerfasserIn  |4 aut 
700 1 |a Awaisheh, Salah Mohammed  |e VerfasserIn  |4 aut 
700 1 |a Alhasan, Tariq Kamal  |e VerfasserIn  |4 aut 
773 0 8 |i Enthalten in  |t International journal of criminal justice sciences  |d Tirunelveli : Manonmaniam Sundaranar University, 2006  |g 19(2024), 1, Seite 519-531  |h Online-Ressource  |w (DE-627)50790723X  |w (DE-600)2222797-0  |w (DE-576)262797437  |x 0973-5089  |7 nnas 
773 1 8 |g volume:19  |g year:2024  |g number:1  |g pages:519-531 
856 4 0 |u https://www.ijcjs.com/article-detail.php?id=927  |x Verlag  |z kostenfrei  |3 Volltext  |7 0 
951 |a AR 
ELC |a 1 
LOK |0 000 xxxxxcx a22 zn 4500 
LOK |0 001 4814264364 
LOK |0 003 DE-627 
LOK |0 004 1942607482 
LOK |0 005 20251126143558 
LOK |0 008 251126||||||||||||||||ger||||||| 
LOK |0 040   |a DE-2619  |c DE-627  |d DE-2619 
LOK |0 092   |o n 
LOK |0 852   |a DE-2619 
LOK |0 852 1  |9 00 
LOK |0 935   |a krzo 
LOK |0 939   |a 2025-11-26  |b l01 
OAS |a 1 
ORI |a WA-MARC-krimdoka001.raw